Follow That Line: Scream Queens Quiz Stats

 Plays Quiz not verified by Sporcle

Support Sporcle.
Go Orange.
Score 0/42 Timer 20:00
0 Plays Today
% Correct
They USED to be strippers, okay. But, uh, super sleuthin' chief of police Denise Hemphill had them deputized.
85.5%
Gravity killed Hester. I just gave her a little push.
84.7%
Doesn't fall far from the bitch tree.
83.3%
And you got some other rights that come after that, and I don't know what they are cuz I don't remember what I'm supposed to say after 'you got the right to remain silent.'
82.7%
Someone always experiments with lesbianism and secrets are revealed.
82.5%
The movie Ouija? No! No one did!
81.3%
I don't know, but clearly Zayday is contemplating slaying her!
80.5%
I think the bigger question is: why are you the same size as a 40-year-old woman?
78.9%
because it's not possible to get one million percent on them.
77.8%
I would totally be crying right now.
77.5%
your tampon's gonna pop out.
76.7%
I feel like you farted.
76.4%
Also, zero dinosaurs.
76.1%
Since none of those frat guys ever went to class, it was easy to just show up there, say he was a student and blend right in.
76%
Does it look like the four of us are about to have sex right now, #5?
75.6%
I might start farting.
75.5%
He also may or may not be gay.
75.3%
Why you got a knife in your throat!
74.8%
Zero percent of the time.
74.7%
She haunting the campus with her fatness and murdering people.
74.7%
Okay, I'm not totally sure you understand how fashion works. In, like, five years, my clothes are gonna be super hip again!
74.4%
% Correct
He's trying to starve us to death!
74.1%
Those who pill together kill together.
74.1%
Private like the parts on a man you like putting in your mouth?
73.6%
But what I am is somebody who watched every one of the Cosby Mysteries, ok.
73.6%
That was Pocahontas.
73.4%
The third is actually doing pretty well on Fox News.
73.1%
that the perpetrator of these murders was not being caught because he's a ghost.
72.6%
Murdered to death!
72.6%
Before we found out what ethnicity you are.
72.5%
It'll just make me young and skinny forever, and you'll still be old!
71.9%
But someone's, you know... trying to murder all the friends.
70.4%
Do you understand how controlling that is, Chanel?
70.3%
Thank you for making that announcement that no one cared about.
70.1%
He committed suicide by running himself over with a golf cart at the club.
66%
I mean, that's like bringing pineapples to Hawaii.
64.5%
My therapist says I had a traumatic experience that kept part of my psyche forever trapped in the '90s.
62.4%
Are you Amish or something?
62.4%
Nice boobs!
61%
What's your name?
58.6%
and I call dibs.
52.4%
Find that tortured gay kid in your life and hold them close tonight.
37.1%

You're not logged in!

Compare scores with friends on all Sporcle quizzes.
OR
Log In

From the Vault

Emmy - Comedy

by Derek

The reports of the death of comedy have been greatly exaggerated. Here is the list to prove it.
Remove Ads.
Support Sporcle.
Get the best of Sporcle when you Go Orange. This ad-free experience offers more features, more stats, and more fun while also helping to support Sporcle. Thank you for becoming a member.

Show Comments

Extras

Top Quizzes Today


Score Distribution

Your Account Isn't Verified!

In order to create a playlist on Sporcle, you need to verify the email address you used during registration. Go to your Sporcle Settings to finish the process.

Report this User

Report this user for behavior that violates our Community Guidelines.

Details: